Statistics for Country Word Search #27

Click here to take the quiz!

General Stats

  • This quiz has been taken 782 times
    (558 since last reset)
  • The average score is 9 of 10

Answer Stats

Country % Correct
Bahamas
100%
Peru
100%
Kosovo
99%
Sudan
98%
Yemen
98%
Palau
91%
Uruguay
90%
Niger
88%
Togo
81%
Bhutan
81%

Score Distribution

Percentile by Number Answered

Percent of People with Each Score

Your Score History

You have not taken this quiz since the last reset